Communes françaises en Nogent - Statistiques

Statistiques générales
  • Ce quiz a été pris 104 fois
  • Le résultat moyen est 7 sur 17
Statistiques - réponses
Département Population Réponse % Correct
Val-de-Marne 34 042 Nogent-sur-Marne
95%
Haute-Marne 3 591 Nogent
88%
Oise 20 780 Nogent-sur-Oise
79%
Aube 5 966 Nogent-sur-Seine
71%
Eure-et-Loir 9 491 Nogent-le-Rotrou
64%
Sarthe 372 Nogent-sur-Loir
60%
Eure-et-Loir 518 Nogent-sur-Eure
51%
Aube 312 Nogent-sur-Aube
46%
Eure-et-Loir 3 981 Nogent-le-Roi
33%
Eure-et-Loir 1480 Nogent-le-Phaye
13%
Aisne 2108 Nogent-l'Artaud
11%
Sarthe 902 Nogent-le-Bernard
11%
Loiret 2 589 Nogent-sur-Vernisson
10%
Aube 47 Nogent-en-Othe
6%
Eure 440 Nogent-le-Sec
6%
Côte-d'Or 153 Nogent-lès-Montbard
6%
Marne 524 Nogent-l'Abbesse
5%
Aucun quiz correspondant
Distribution des résultats
% des personnes avec chaque résultat
Percentile par nombre de réponses
Votre historique - résultats
Vous n’avez pas pris ce quiz